000 01494cam a2200217 4500
008 240403s2007 xxk r 000 0 eng u
020 _a9780418851609
041 0 _aeng
110 2 _aJoint Contracts Tribunal
_93664
240 0 0 _aFA
245 0 0 _aFA
_bFramework Agreement 2007
260 _aLondon
_bThompson Sweet and Maxwell
_c2007
300 _aii, 26p.
_c30cm.
350 _a31.67
505 2 _aDefinitions -- The JCT Framework Agreement -- The role of the framework agreement -- The framework objectives -- Performance monitoring and appraisal -- The framework objectives -- Performance monitoring and appraisal -- The framework term -- Public sector considerations -- Legal status of framwork agreement -- Contracts (Rights of Third Parties) Act 1999 -- Applicable law and jurisdiction -- Organisational structures and decision making -- Collaborative Working -- The service provider's supply chain -- Sharing of information an know-how -- Communications protocol -- Confidentiality -- Risk assessment and risk allocation -- Health and safety -- Sustainable development and environmental considerations -- Value engineering -- Change control procedures -- Early warning -- Team approach to problem solving -- Performance indicators -- Termination -- Settlement of disputes
650 2 4 _aCONTRACTS (RIGHTS OF THIRD PARTIES) ACT 1999
650 2 4 _aJCT FRAMEWORK AGREEMENT (2007 EDITION)
651 4 _aUnited Kingdom
690 _aConstruction management
_96230
942 _n0
_2ddc
999 _c121881
_d121881